IT Skills for successful study / (Record no. 684)

MARC details
000 -LEADER
fixed length control field 00635nam a22002172 4500
001 - CONTROL NUMBER
control field 0000007095
005 - DATE AND TIME OF LATEST TRANSACTION
control field 20151021151111.0
008 - FIXED-LENGTH DATA ELEMENTS--GENERAL INFORMATION
fixed length control field 071114s xx 000 0 eng d
020 ## - INTERNATIONAL STANDARD BOOK NUMBER
International Standard Book Number 1403992710 :
Terms of availability KES 2195.75
040 ## - CATALOGING SOURCE
Original cataloging agency KABU
Transcribing agency KABU
100 1# - MAIN ENTRY--PERSONAL NAME
Personal name Clarke, Alan.
-- 0000158140
245 10 - TITLE STATEMENT
Title IT Skills for successful study /
Statement of responsibility, etc. Alan Clarke.
250 ## - EDITION STATEMENT
Edition statement .
260 ## - PUBLICATION, DISTRIBUTION, ETC. (IMPRINT)
Place of publication, distribution, etc. New York :
Name of publisher, distributor, etc. Palgrave Macmillan,
Date of publication, distribution, etc. 2005.
300 ## - PHYSICAL DESCRIPTION
Extent xv, 205 p.
650 #0 - SUBJECT ADDED ENTRY--TOPICAL TERM
Topical term or geographic name as entry element Study skills.
-- 0000153594
650 #0 - SUBJECT ADDED ENTRY--TOPICAL TERM
Topical term or geographic name as entry element Information technology.
-- 0000150287
908 ## - PUT COMMAND PARAMETER (RLIN)
Put command parameter 071114
950 ## - LOCAL HOLDINGS (RLIN)
-- 1
Holdings
Withdrawn status Lost status Source of classification or shelving scheme Not for loan Home library Current library Date acquired Total Checkouts Full call number Barcode Date last seen Date last checked out Price effective from Koha item type
    Library of Congress Classification   Kabarak, Main Campus Kabarak, Main Campus 17/12/2015   LB1049 .C53 011025 10/12/2019   17/12/2015 General Collection
    Library of Congress Classification   Kabarak, Main Campus Kabarak, Main Campus 17/12/2015 1 LB1049 .C53 011024 30/10/2018 23/10/2018 17/12/2015 General Collection
    Library of Congress Classification   Kabarak, Nakuru City Campus Kabarak, Nakuru City Campus 21/10/2015 1 LB1049 .C53 011214 24/01/2019 15/01/2019 21/10/2015 General Collection
Designed with assistance from East African Informatics Ltd